Mostra d´arte cinese (Record no. 7170)

MARC details
000 -CABECERA
campo de control de longitud fija 00718nam a2200253 a 4500
001 - NÚMERO DE CONTROL
campo de control BRCA_7495
005 - FECHA Y HORA DE LA ÚLTIMA TRANSACCIÓN
campo de control 20190320205847.0
008 - DATOS DE LONGITUD FIJA--INFORMACIÓN GENERAL
campo de control de longitud fija 300413s1954----it-a######---#000-0#ita-#
041 ## - CÓDIGO DE LENGUA
Código de lengua del texto/banda sonora o título independiente itaeng
044 ## - CÓDIGO DEL PAÍS DE LA ENTIDAD EDITORA/PRODUCTORA
Código MARC del país it
050 #4 - SIGNATURA TOPOGRÁFICA DE LA BIBLIOTECA DEL CONGRESO
Número de clasificación N7340
Número de documento/Ítem .M67 1954
245 10 - MENCIÓN DE TÍTULO
Título Mostra d´arte cinese
Resto del título catálogo.
260 ## - PUBLICACIÓN, DISTRIBUCIÓN, ETC.
Lugar de publicación, distribución, etc. Venecia
Nombre del editor, distribuidor, etc. Alfieri
Fecha de publicación, distribución, etc. 1954
300 ## - DESCRIPCIÓN FÍSICA
Extensión xxxviii, 273 p.
Otras características físicas il. (algunas a color)
Dimensiones 27 cm.
500 ## - NOTA GENERAL
Nota general Settimo Centenario di Marco Polo
500 ## - NOTA GENERAL
Nota general R25
504 ## - NOTA DE BIBLIOGRAFÍA, ETC.
Nota de bibliografía, etc. Bibliografía p. 17
546 ## - NOTA DE LENGUA/LENGUAJE
Nota de lengua/lenguaje Texto en: italiano e inglés
650 14 - PUNTO DE ACCESO ADICIONAL DE MATERIA--TÉRMINO DE MATERIA
Término de materia o nombre geográfico como elemento de entrada Arte chino
Subdivisión de forma Exposiciones
9 (RLIN) 18452
650 14 - PUNTO DE ACCESO ADICIONAL DE MATERIA--TÉRMINO DE MATERIA
Término de materia o nombre geográfico como elemento de entrada Arte
Subdivisión de forma Catálogos
9 (RLIN) 4925
740 0# - PUNTO DE ACCESO ADICIONAL--TÍTULO RELACIONADO O ANALÍTICO NO CONTROLADO
Título relacionado o analítico no controlado Exhibition of Chinese art : catalogue
902 ## - CATALOGADOR
Iniciales GFM
942 ## - ELEMENTOS DE PUNTO DE ACCESO ADICIONAL (KOHA)
Fuente del sistema de clasificación o colocación Library of Congress Classification
Tipo de ítem Koha Libros
Holdings
Estado de retiro Estado de pérdida Estado dañado No para préstamo Localización permanente Ubicación/localización actual Fecha de adquisición Número de inventario Total de préstamos Signatura topográfica completa Código de barras Fecha visto por última vez Precio válido a partir de Tipo de ítem Koha
El ejemplar forma parte de la colección y puede ser consultado según las políticas vigentes.       Biblioteca del Museo Franz Mayer (Rogerio Casas-Alatriste) Biblioteca del Museo Franz Mayer (Rogerio Casas-Alatriste) 30/04/2013 R25   N7340 .M67 1954 (R25) 8099 22/03/2019 22/03/2019 Libros